[Event "MCRW_CF32"]
[Site "?"]
[Date "2009.??.??"]
[Round "?"]
[White "Jarabinský, Martin"]
[Black "Kolarík, Josef"]
[Result "1/2-1/2"]
[WhiteElo "2115"]
[BlackElo "2227"]
[PlyCount "84"]
[EventDate "2009.??.??"]
[EventType "corr"]

1. e4 c5 2. Nc3 Nc6 3. Nf3 d6 4. d4 cxd4 5. Nxd4 Nf6 6. Bg5 Bd7 7. Be2 Qa5 8.
Bxf6 gxf6 9. O-O Nxd4 10. Qxd4 Qc5 11. Qxc5 dxc5 12. Nb5 O-O-O 13. Nxa7+ Kb8
14. Nb5 Bg7 15. Nc3 f5 16. Bh5 fxe4 17. Bxf7 Bc6 18. Rad1 Bd4 19. Bc4 Rhf8 20.
h3 Rf4 21. Rde1 Rdf8 22. Nd1 b5 23. Be2 Rd8 24. c3 Bg7 25. Bg4 b4 26. cxb4 cxb4
27. a3 Rd2 28. Re2 Rxe2 29. Bxe2 bxa3 30. bxa3 Rf5 31. Ne3 Ra5 32. Rc1 Kb7 33.
Bc4 Bd4 34. Nc2 Bc5 35. Kf1 Bd6 36. Nb4 Rxa3 37. Nxc6 Kxc6 38. Bg8+ Kd7 39.
Bxh7 e3 40. f3 Ra2 41. Rc2 Rxc2 42. Bf5+ Kc6 1/2-1/2

[Event "MCRW_CF32"]
[Site "?"]
[Date "2009.??.??"]
[Round "?"]
[White "Jarabinský, Martin"]
[Black "Kuchta, Jirí (*1972)"]
[Result "1/2-1/2"]
[WhiteElo "2115"]
[BlackElo "2204"]
[PlyCount "48"]
[EventDate "2009.??.??"]
[EventType "corr"]

1. e4 c5 2. Nc3 Nc6 3. Nf3 e6 4. d4 cxd4 5. Nxd4 a6 6. Be3 Qc7 7. f4 b5 8. a3
Bb7 9. Be2 Nf6 10. Bf3 d6 11. O-O Be7 12. Qe1 O-O 13. Qg3 Nd7 14. Nxc6 Bxc6 15.
Rad1 Bf6 16. Rf2 Rfd8 17. Bd4 h6 18. Rfd2 e5 19. fxe5 Nxe5 20. Rf1 Qe7 21. Rdd1
Re8 22. Be2 Rac8 23. Qe3 Bg5 24. Qg3 Bb7 1/2-1/2